[Event "XVII Open Internacional Villa de Ibi"]
[Site "Ibi, Spain"]
[Date "2019.09.08"]
[Round "5.8"]
[White "Kovacevic, Slobodan"]
[Black "Martinez Sanchez, Pedro Jose"]
[Result "1-0"]
[WhiteElo "2260"]
[BlackElo "2041"]
[PlyCount "116"]
[EventDate "2019.??.??"]

1. d4 {[%clk 00:15:03]  [%emt 00:00:31]} 1... Nf6 {[%clk 00:15:02]} 2. Nf3 {
[%clk 00:15:03]} 2... d5 {[%clk 00:14:57]  [%emt 00:00:04]} 3. Bf4 {
[%clk 00:15:04]} 3... Bf5 {[%clk 00:14:42]  [%emt 00:00:18]} 4. e3 {
[%clk 00:15:05]} 4... e6 {[%clk 00:14:38]  [%emt 00:00:03]} 5. c4 {
[%clk 00:15:06]} 5... Bd6 {[%clk 00:14:28]} 6. Bg3 {
[%clk 00:14:55]  [%emt 00:00:07]} 6... c6 {[%clk 00:14:22]  [%emt 00:00:29]} 7.
Qb3 {[%clk 00:14:46]  [%emt 00:00:18]} 7... b6 {
[%clk 00:13:22]  [%emt 00:00:42]} 8. Ne5 {[%clk 00:14:40]  [%emt 00:00:27]}
8... Qc7 {[%clk 00:13:11]} 9. Nc3 {[%clk 00:14:22]  [%emt 00:00:07]} 9... O-O {
[%clk 00:12:56]  [%emt 00:01:04]} 10. Rc1 {[%clk 00:14:11]} 10... Bxe5 {
[%clk 00:11:25]  [%emt 00:01:19]} 11. Bxe5 {[%clk 00:14:10]} 11... Qb7 {
[%clk 00:11:17]} 12. Bxf6 {[%clk 00:13:12]  [%emt 00:01:04]} 12... gxf6 {
[%clk 00:11:17]} 13. cxd5 {[%clk 00:13:12]  [%emt 00:00:10]} 13... cxd5 {
[%clk 00:11:14]} 14. Be2 {[%clk 00:13:00]  [%emt 00:00:09]} 14... a6 {
[%clk 00:10:42]  [%emt 00:00:55]} 15. O-O {[%clk 00:12:40]} 15... Nd7 {
[%clk 00:10:42]} 16. a4 {[%clk 00:12:36]  [%emt 00:00:04]} 16... Rfc8 {
[%clk 00:10:33]  [%emt 00:00:09]} 17. h3 {[%clk 00:12:33]  [%emt 00:00:40]}
17... Rc7 {[%clk 00:09:42]  [%emt 00:00:30]} 18. Na2 {
[%clk 00:11:54]  [%emt 00:00:30]} 18... Rac8 {[%clk 00:09:31]  [%emt 00:00:12]}
19. Rxc7 {[%clk 00:11:42]  [%emt 00:00:15]} 19... Rxc7 {
[%clk 00:09:30]  [%emt 00:00:12]} 20. Nb4 {[%clk 00:11:41]} 20... Nb8 {
[%clk 00:09:11]  [%emt 00:00:38]} 21. Re1 {[%clk 00:10:49]  [%emt 00:00:50]}
21... Qc8 {[%clk 00:08:09]  [%emt 00:00:43]} 22. Kh2 {
[%clk 00:10:33]  [%emt 00:00:29]} 22... a5 {[%clk 00:07:14]  [%emt 00:00:45]}
23. Na2 {[%clk 00:10:19]  [%emt 00:00:30]} 23... Rc6 {
[%clk 00:07:04]  [%emt 00:00:15]} 24. Nc3 {[%clk 00:10:12]} 24... Na6 {
[%clk 00:06:40]  [%emt 00:00:41]} 25. Bb5 {[%clk 00:09:07]  [%emt 00:00:46]}
25... Rc7 {[%clk 00:06:23]  [%emt 00:00:30]} 26. Bxa6 {
[%clk 00:08:36]  [%emt 00:00:20]} 26... Qxa6 {[%clk 00:06:23]  [%emt 00:00:13]}
27. Qa3 {[%clk 00:08:27]} 27... Qc4 {[%clk 00:05:57]  [%emt 00:00:31]} 28. Qd6
{[%clk 00:08:23]  [%emt 00:00:04]} 28... Qc6 {[%clk 00:05:50]  [%emt 00:00:10]}
29. Qf4 {[%clk 00:08:11]  [%emt 00:00:11]} 29... Rd7 {
[%clk 00:05:13]  [%emt 00:00:58]} 30. g4 {[%clk 00:08:08]  [%emt 00:00:04]}
30... Bd3 {[%clk 00:04:24]  [%emt 00:01:02]} 31. Qxf6 {[%clk 00:08:07]} 31...
Qd6+ {[%clk 00:04:21]} 32. Kg2 {[%clk 00:07:44]  [%emt 00:00:07]} 32... Qe7 {
[%clk 00:04:22]} 33. Qxe7 {[%clk 00:06:17]  [%emt 00:01:39]} 33... Rxe7 {
[%clk 00:04:23]} 34. Rd1 {[%clk 00:06:11]  [%emt 00:00:04]} 34... Ba6 {
[%clk 00:04:12]  [%emt 00:00:07]} 35. Rc1 {[%clk 00:06:10]  [%emt 00:00:06]}
35... Rc7 {[%clk 00:03:37]  [%emt 00:00:34]} 36. Kf3 {
[%clk 00:05:56]  [%emt 00:00:16]} 36... Kf8 {[%clk 00:03:31]  [%emt 00:00:08]}
37. g5 {[%clk 00:05:55]  [%emt 00:00:35]} 37... Bd3 {
[%clk 00:03:15]  [%emt 00:00:07]} 38. Kf4 {[%clk 00:05:55]} 38... Rc4 {
[%clk 00:03:02]  [%emt 00:00:04]} 39. Rd1 {[%clk 00:05:04]  [%emt 00:00:46]}
39... Bc2 {[%clk 00:02:52]  [%emt 00:00:36]} 40. Rd2 {[%clk 00:05:04]} 40...
Bxa4 {[%clk 00:02:49]} 41. Ke5 {[%clk 00:05:05]} 41... Be8 {
[%clk 00:02:12]  [%emt 00:00:57]} 42. f3 {[%clk 00:04:55]} 42... Ke7 {
[%clk 00:02:06]} 43. e4 {[%clk 00:04:54]} 43... dxe4 {
[%clk 00:01:46]  [%emt 00:00:14]} 44. fxe4 {[%clk 00:04:53]  [%emt 00:00:04]}
44... b5 {[%clk 00:01:36]  [%emt 00:00:18]} 45. Nd1 {
[%clk 00:04:43]  [%emt 00:00:05]} 45... b4 {[%clk 00:01:33]  [%emt 00:00:13]}
46. Ne3 {[%clk 00:04:43]} 46... Rc1 {[%clk 00:01:22]  [%emt 00:00:08]} 47. d5 {
[%clk 00:04:38]  [%emt 00:00:04]} 47... a4 {[%clk 00:01:11]  [%emt 00:00:11]}
48. Ng4 {[%clk 00:04:32]  [%emt 00:00:11]} 48... b3 {
[%clk 00:00:58]  [%emt 00:00:12]} 49. d6+ {[%clk 00:04:27]  [%emt 00:00:13]}
49... Kd8 {[%clk 00:00:56]} 50. Nf6 {[%clk 00:04:25]  [%emt 00:00:04]} 50...
Bc6 {[%clk 00:00:33]  [%emt 00:00:24]} 51. d7 {[%clk 00:04:17]  [%emt 00:00:28]
} 51... Rc2 {[%clk 00:00:15]  [%emt 00:00:08]} 52. Rd4 {
[%clk 00:04:13]  [%emt 00:00:04]} 52... Rxb2 {[%clk 00:00:09]  [%emt 00:00:09]}
53. Kd6 {[%clk 00:04:08]  [%emt 00:00:06]} 53... Rc2 {
[%clk 00:00:07]  [%emt 00:00:05]} 54. Rb4 {[%clk 00:04:10]} 54... Bxd7 {
[%emt 00:00:15]} 55. Nxd7 {[%emt 00:00:16]} 55... Rd2+ 56. Ke5 Rxd7 57. Rxa4
Rb7 58. Ra1 Ke7 {[%emt 00:00:09]  Bandera} 1-0

[Event "XVII Open Internacional Villa de Ibi"]
[Site "Ibi, Spain"]
[Date "2019.09.08"]
[Round "6.1"]
[White "Cruz Lledo, Pablo"]
[Black "Giaccio, Alfredo"]
[Result "0-1"]
[WhiteElo "2452"]
[BlackElo "2420"]
[PlyCount "144"]
[EventDate "2019.??.??"]

1. d4 {[%clk 00:15:01]  [%emt 00:00:05]} 1... e6 {
[%clk 00:14:55]  [%emt 00:00:14]} 2. Nf3 {[%clk 00:15:02]} 2... d5 {
[%clk 00:14:56]} 3. e3 {[%clk 00:15:02]} 3... Nf6 {
[%clk 00:14:36]  [%emt 00:00:21]} 4. c4 {[%clk 00:15:01]  [%emt 00:00:20]} 4...
c6 {[%clk 00:14:35]} 5. Nbd2 {[%clk 00:14:45]  [%emt 00:00:04]} 5... Nbd7 {
[%clk 00:14:09]  [%emt 00:00:26]} 6. b3 {[%clk 00:14:41]  [%emt 00:00:30]} 6...
Bd6 {[%clk 00:13:54]  [%emt 00:00:04]} 7. Bb2 {[%clk 00:14:41]} 7... Qe7 {
[%clk 00:13:55]} 8. Bd3 {[%clk 00:14:33]  [%emt 00:00:07]} 8... e5 {
[%clk 00:13:49]  [%emt 00:00:07]} 9. dxe5 {[%clk 00:14:29]  [%emt 00:00:04]}
9... Nxe5 {[%clk 00:13:50]  [%emt 00:00:03]} 10. Nxe5 {
[%clk 00:14:29]  [%emt 00:00:03]} 10... Bxe5 {[%clk 00:13:51]} 11. Bxe5 {
[%clk 00:14:27]  [%emt 00:00:03]} 11... Qxe5 {[%clk 00:13:52]} 12. O-O {
[%clk 00:14:21]  [%emt 00:00:26]} 12... O-O {[%clk 00:13:47]  [%emt 00:00:04]}
13. cxd5 {[%clk 00:14:13]} 13... Nxd5 {[%clk 00:13:47]} 14. Nc4 {
[%clk 00:14:04]  [%emt 00:00:09]} 14... Qe7 {[%clk 00:13:44]  [%emt 00:00:05]}
15. Qh5 {[%clk 00:13:52]  [%emt 00:00:15]} 15... g6 {
[%clk 00:13:42]  [%emt 00:00:04]} 16. Qh6 {[%clk 00:13:49]  [%emt 00:00:07]}
16... b5 {[%clk 00:13:02]  [%emt 00:00:37]} 17. Nd2 {
[%clk 00:13:35]  [%emt 00:00:18]} 17... Rd8 {[%clk 00:12:56]  [%emt 00:00:09]}
18. Be4 {[%clk 00:11:52]  [%emt 00:01:46]} 18... Be6 {
[%clk 00:09:43]  [%emt 00:03:13]} 19. Bf3 {[%clk 00:11:28]  [%emt 00:00:23]}
19... Rac8 {[%clk 00:09:35]  [%emt 00:00:27]} 20. Ne4 {
[%clk 00:10:25]  [%emt 00:00:57]} 20... f6 {[%clk 00:09:16]  [%emt 00:00:13]}
21. Rac1 {[%clk 00:08:32]  [%emt 00:01:55]} 21... c5 {
[%clk 00:09:06]  [%emt 00:00:28]} 22. h4 {[%clk 00:07:57]  [%emt 00:00:29]}
22... Bf5 {[%clk 00:07:45]  [%emt 00:01:15]} 23. Nc3 {
[%clk 00:07:15]  [%emt 00:00:44]} 23... Nxc3 {[%clk 00:07:35]  [%emt 00:00:32]}
24. Rxc3 {[%clk 00:07:17]} 24... Bd3 {[%clk 00:07:05]  [%emt 00:00:12]} 25. Rd1
{[%clk 00:06:40]  [%emt 00:00:41]} 25... c4 {[%clk 00:07:06]  [%emt 00:00:11]}
26. bxc4 {[%clk 00:06:31]  [%emt 00:00:04]} 26... bxc4 {[%clk 00:07:07]} 27.
Qf4 {[%clk 00:06:15]  [%emt 00:00:16]} 27... Qe5 {
[%clk 00:07:06]  [%emt 00:00:03]} 28. Qxe5 {[%clk 00:06:05]  [%emt 00:00:13]}
28... fxe5 {[%clk 00:07:07]  [%emt 00:00:03]} 29. Bg4 {
[%clk 00:05:56]  [%emt 00:00:05]} 29... Rc6 {[%clk 00:06:04]  [%emt 00:01:06]}
30. f3 {[%clk 00:05:45]  [%emt 00:00:32]} 30... Kf7 {
[%clk 00:05:41]  [%emt 00:00:10]} 31. Kf2 {[%clk 00:05:46]} 31... Ke7 {
[%clk 00:05:27]  [%emt 00:00:23]} 32. h5 {[%clk 00:04:56]  [%emt 00:00:54]}
32... Rb6 {[%clk 00:05:00]  [%emt 00:00:17]} 33. Rd2 {
[%clk 00:04:52]  [%emt 00:00:54]} 33... Rdb8 {[%clk 00:04:52]} 34. Ra3 {
[%clk 00:04:25]} 34... a6 {[%clk 00:04:52]} 35. Kg3 {
[%clk 00:04:09]  [%emt 00:00:26]} 35... Rb2 {[%clk 00:03:57]  [%emt 00:00:42]}
36. Rxb2 {[%clk 00:04:10]  [%emt 00:00:32]} 36... Rxb2 {[%clk 00:03:58]} 37. f4
{[%clk 00:03:57]  [%emt 00:00:03]} 37... e4 {[%clk 00:03:50]} 38. hxg6 {
[%clk 00:03:46]  [%emt 00:00:10]} 38... hxg6 {[%clk 00:03:52]} 39. f5 {
[%clk 00:03:45]  [%emt 00:00:12]} 39... gxf5 {[%clk 00:03:18]  [%emt 00:00:24]}
40. Bxf5 {[%clk 00:03:46]  [%emt 00:00:04]} 40... Kf6 {
[%clk 00:02:52]  [%emt 00:00:23]} 41. Bh3 {[%clk 00:03:46]  [%emt 00:00:38]}
41... a5 {[%clk 00:02:53]} 42. Bd7 {[%clk 00:02:53]  [%emt 00:00:23]} 42... Re2
{[%clk 00:02:43]  [%emt 00:00:29]} 43. Rxa5 {[%clk 00:02:28]  [%emt 00:00:15]}
43... Rxe3+ {[%clk 00:02:22]  [%emt 00:00:17]} 44. Kf4 {
[%clk 00:02:29]  [%emt 00:00:04]} 44... Re1 {[%clk 00:02:23]} 45. Rc5 {
[%clk 00:00:49]  [%emt 00:02:07]} 45... e3 {[%clk 00:01:55]  [%emt 00:00:04]}
46. Bg4 {[%clk 00:00:50]} 46... e2 {[%clk 00:01:52]  [%emt 00:00:10]} 47. Rc6+
{[%clk 00:00:44]  [%emt 00:00:03]} 47... Kf7 {[%clk 00:01:37]  [%emt 00:00:15]}
48. Ke3 {[%clk 00:00:24]  [%emt 00:00:22]} 48... Rg1 {
[%clk 00:01:25]  [%emt 00:00:20]} 49. Bxe2 {[%clk 00:00:24]} 49... Re1 {
[%clk 00:01:26]} 50. Kd4 {[%clk 00:00:22]  [%emt 00:00:03]} 50... Rxe2 {
[%clk 00:01:26]  [%emt 00:00:03]} 51. a4 {[%clk 00:00:23]} 51... Rxg2 {
[%clk 00:01:25]  [%emt 00:00:12]} 52. a5 {[%clk 00:00:23]  [%emt 00:00:04]}
52... Ra2 {[%clk 00:01:24]} 53. a6 {[%clk 00:00:09]  [%emt 00:00:40]} 53... Ke7
{[%clk 00:01:20]} 54. Rb6 {[%clk 00:00:07]  [%emt 00:00:04]} 54... Kd7 {
[%clk 00:01:19]} 55. Rf6 {[%clk 00:00:07]} 55... Kc7 {[%clk 00:01:19]} 56. Re6
{[%clk 00:00:05]} 56... Kb8 {[%clk 00:01:20]} 57. Re8+ {[%clk 00:00:03]} 57...
Ka7 {[%clk 00:01:21]} 58. Kc3 {[%clk 00:00:04]  [%emt 00:00:07]} 58... Rxa6 {
[%clk 00:01:21]} 59. Re7+ {[%clk 00:00:05]} 59... Kb6 {[%clk 00:01:21]} 60. Kb4
{[%clk 00:00:07]} 60... Ra1 {[%clk 00:01:19]} 61. Re6+ {[%clk 00:00:08]} 61...
Kc7 {[%clk 00:01:21]} 62. Kc5 {[%clk 00:00:09]  [%emt 00:00:06]} 62... c3 {
[%clk 00:01:16]} 63. Rc6+ {[%clk 00:00:09]} 63... Kd7 {
[%clk 00:01:09]  [%emt 00:00:16]} 64. Rd6+ {[%emt 00:00:16]} 64... Ke7 {
[%clk 00:01:08]} 65. Rxd3 {[%clk 00:00:03]  [%emt 00:00:04]} 65... c2 {
[%clk 00:01:10]} 66. Re3+ {[%clk 00:00:04]} 66... Kd7 {[%clk 00:01:09]} 67.
Rd3+ {[%clk 00:00:05]} 67... Kc7 {[%clk 00:01:10]} 68. Rh3 {
[%clk 00:00:03]  [%emt 00:00:15]} 68... c1=Q+ {[%clk 00:01:09]} 69. Kd4 {
[%clk 00:00:04]} 69... Ra4+ {[%clk 00:01:09]} 70. Ke5 {[%clk 00:00:06]} 70...
Qg5+ {[%clk 00:01:08]  [%emt 00:00:28]} 71. Ke6 {[%clk 00:00:07]} 71... Ra6+ {
[%clk 00:01:09]} 72. Kf7 {[%clk 00:00:08]} 72... Rf6+ {[%clk 00:01:09]} 0-1

[Event "XVII Open Internacional Villa de Ibi"]
[Site "Ibi, Spain"]
[Date "2019.09.08"]
[Round "6.2"]
[White "Granero Roca, Antonio"]
[Black "Carbonell Sancho, Marc"]
[Result "1-0"]
[WhiteElo "2354"]
[BlackElo "2182"]
[PlyCount "63"]
[EventDate "2019.??.??"]

1. d4 {[%clk 00:15:01]  [%emt 00:00:09]} 1... Nf6 {[%clk 00:15:03]} 2. c4 {
[%clk 00:15:01]} 2... g6 {[%clk 00:15:03]} 3. Nc3 {
[%clk 00:15:01]  [%emt 00:00:21]} 3... Bg7 {[%clk 00:15:04]} 4. e4 {
[%clk 00:15:01]} 4... d6 {[%clk 00:15:04]} 5. h3 {[%clk 00:15:02]} 5... O-O {
[%clk 00:15:04]} 6. Be3 {[%clk 00:15:01]} 6... e5 {[%clk 00:15:04]} 7. d5 {
[%clk 00:15:01]  [%emt 00:00:09]} 7... a5 {[%clk 00:15:04]} 8. g4 {
[%clk 00:14:54]} 8... Na6 {[%clk 00:15:03]  [%emt 00:00:06]} 9. Nge2 {
[%clk 00:14:53]  [%emt 00:00:09]} 9... Nd7 {[%clk 00:13:54]  [%emt 00:01:00]}
10. Ng3 {[%clk 00:14:51]  [%emt 00:00:17]} 10... Ndc5 {[%clk 00:13:51]} 11. Be2
{[%clk 00:14:36]  [%emt 00:00:08]} 11... Bd7 {[%clk 00:13:50]  [%emt 00:00:34]}
12. h4 {[%clk 00:14:34]} 12... c6 {[%clk 00:13:34]  [%emt 00:00:03]} 13. f3 {
[%clk 00:13:31]  [%emt 00:00:54]} 13... cxd5 {[%clk 00:13:30]  [%emt 00:00:27]}
14. Nxd5 {[%clk 00:13:27]} 14... Be6 {[%clk 00:13:16]} 15. h5 {
[%clk 00:13:07]  [%emt 00:00:22]} 15... Bxd5 {[%clk 00:12:56]  [%emt 00:00:32]}
16. cxd5 {[%clk 00:13:01]  [%emt 00:00:04]} 16... Rc8 {
[%clk 00:12:45]  [%emt 00:00:08]} 17. Rc1 {[%clk 00:12:15]  [%emt 00:00:47]}
17... a4 {[%clk 00:12:28]  [%emt 00:00:20]} 18. Qd2 {
[%clk 00:11:50]  [%emt 00:00:26]} 18... Qb6 {[%clk 00:11:26]  [%emt 00:01:04]}
19. Rc4 {[%clk 00:11:32]  [%emt 00:00:20]} 19... Qd8 {
[%clk 00:10:39]  [%emt 00:00:50]} 20. Kf2 {[%clk 00:11:28]  [%emt 00:00:11]}
20... b5 {[%clk 00:10:39]} 21. Rcc1 {[%clk 00:11:04]  [%emt 00:00:25]} 21...
Qb6 {[%clk 00:10:34]  [%emt 00:00:26]} 22. Kg2 {[%clk 00:10:59]} 22... Rb8 {
[%clk 00:09:56]  [%emt 00:00:27]} 23. Bh6 {[%clk 00:10:47]  [%emt 00:00:38]}
23... Qa7 {[%clk 00:09:19]  [%emt 00:00:14]} 24. Bxg7 {
[%clk 00:10:17]  [%emt 00:00:52]} 24... Kxg7 {[%clk 00:09:20]} 25. Nf5+ {
[%clk 00:10:01]  [%emt 00:00:09]} 25... gxf5 {[%clk 00:05:10]  [%emt 00:04:02]}
26. Qg5+ {[%clk 00:10:01]  [%emt 00:00:07]} 26... Kh8 {[%clk 00:05:11]} 27.
Qf6+ {[%clk 00:10:02]} 27... Kg8 {[%clk 00:05:12]} 28. h6 {[%clk 00:10:02]}
28... Ne6 {[%clk 00:05:13]  [%emt 00:00:11]} 29. Rh5 {
[%clk 00:06:21]  [%emt 00:03:34]} 29... Qe3 {[%clk 00:04:59]  [%emt 00:00:15]}
30. dxe6 {[%clk 00:06:13]  [%emt 00:00:12]} 30... Qxe2+ {
[%clk 00:04:59]  [%emt 00:00:20]} 31. Kg3 {[%clk 00:06:11]  [%emt 00:00:04]}
31... f4+ {[%clk 00:04:59]} 32. Kh4 {[%clk 00:06:10]} 1-0

[Event "XVII Open Internacional Villa de Ibi"]
[Site "Ibi, Spain"]
[Date "2019.09.08"]
[Round "6.3"]
[White "Valmana Canto, Jaime"]
[Black "Kovacevic, Slobodan"]
[Result "1-0"]
[WhiteElo "2416"]
[BlackElo "2260"]
[PlyCount "103"]
[EventDate "2019.??.??"]

1. Nf3 {[%clk 00:15:01]} 1... c5 {[%clk 00:14:39]  [%emt 00:14:05]} 2. g3 {
[%clk 00:15:00]  [%emt 00:00:19]} 2... b6 {[%clk 00:14:39]} 3. Bg2 {
[%clk 00:14:52]  [%emt 00:00:03]} 3... Bb7 {[%clk 00:14:34]  [%emt 00:00:04]}
4. c4 {[%clk 00:14:48]  [%emt 00:00:08]} 4... Nf6 {[%clk 00:14:34]} 5. O-O {
[%clk 00:14:46]  [%emt 00:00:11]} 5... e6 {[%clk 00:14:35]} 6. Nc3 {
[%clk 00:14:40]} 6... a6 {[%clk 00:14:32]  [%emt 00:00:13]} 7. b3 {
[%clk 00:14:08]  [%emt 00:00:23]} 7... d6 {[%clk 00:14:32]  [%emt 00:00:33]} 8.
Bb2 {[%clk 00:14:08]} 8... Be7 {[%clk 00:14:30]  [%emt 00:00:03]} 9. d4 {
[%clk 00:14:00]} 9... cxd4 {[%clk 00:14:30]} 10. Qxd4 {[%clk 00:13:59]} 10...
Nbd7 {[%clk 00:14:28]} 11. Rfd1 {[%clk 00:13:43]  [%emt 00:00:22]} 11... Qc7 {
[%clk 00:14:23]} 12. Rac1 {[%clk 00:13:40]  [%emt 00:00:03]} 12... O-O {
[%clk 00:14:22]  [%emt 00:00:04]} 13. h3 {[%clk 00:11:50]  [%emt 00:01:48]}
13... Rac8 {[%clk 00:14:20]  [%emt 00:00:40]} 14. e4 {[%clk 00:11:30]} 14...
Rfd8 {[%clk 00:14:19]} 15. Kh2 {[%clk 00:11:09]  [%emt 00:00:10]} 15... Bf8 {
[%clk 00:13:48]  [%emt 00:00:34]} 16. Qe3 {[%clk 00:10:33]  [%emt 00:00:43]}
16... Be7 {[%clk 00:13:29]  [%emt 00:00:50]} 17. Qe2 {[%clk 00:10:21]} 17...
Re8 {[%clk 00:13:25]} 18. Nd4 {[%clk 00:09:35]  [%emt 00:00:33]} 18... Qb8 {
[%clk 00:13:18]  [%emt 00:00:30]} 19. f4 {[%clk 00:08:39]  [%emt 00:00:38]}
19... Bf8 {[%clk 00:12:32]  [%emt 00:01:00]} 20. Nf3 {
[%clk 00:07:21]  [%emt 00:01:08]} 20... Bc6 {[%clk 00:12:11]  [%emt 00:00:33]}
21. Re1 {[%clk 00:06:32]  [%emt 00:00:49]} 21... Nc5 {
[%clk 00:11:48]  [%emt 00:00:16]} 22. e5 {[%clk 00:05:53]  [%emt 00:00:42]}
22... dxe5 {[%clk 00:10:04]  [%emt 00:01:55]} 23. fxe5 {[%clk 00:05:54]} 23...
Nfd7 {[%clk 00:10:00]  [%emt 00:00:03]} 24. b4 {[%clk 00:05:54]} 24... Nb7 {
[%clk 00:08:15]  [%emt 00:01:46]} 25. Ng5 {[%clk 00:04:31]  [%emt 00:01:52]}
25... Bxg2 {[%clk 00:08:04]  [%emt 00:00:03]} 26. Qh5 {[%clk 00:04:31]} 26...
h6 {[%clk 00:07:51]  [%emt 00:00:04]} 27. Qxf7+ {[%clk 00:04:31]} 27... Kh8 {
[%clk 00:07:52]} 28. Kxg2 {[%clk 00:04:26]  [%emt 00:00:13]} 28... Nxe5 {
[%clk 00:06:53]  [%emt 00:01:17]} 29. Rxe5 {[%clk 00:03:49]  [%emt 00:00:14]}
29... Qxe5 {[%clk 00:06:53]  [%emt 00:00:25]} 30. Qxe8 {[%clk 00:03:49]} 30...
Qxg5 {[%clk 00:06:21]  [%emt 00:00:56]} 31. Qxc8 {[%clk 00:03:49]} 31... Qd2+ {
[%clk 00:06:13]} 32. Kh1 {[%clk 00:03:40]} 32... Qxb2 {[%clk 00:06:12]} 33.
Qxf8+ {[%clk 00:03:39]} 33... Kh7 {[%clk 00:06:13]} 34. Qf1 {[%clk 00:03:37]}
34... Qxb4 {[%clk 00:06:07]  [%emt 00:00:13]} 35. Qd3+ {[%clk 00:03:37]} 35...
Kh8 {[%clk 00:06:00]} 36. Ne4 {[%clk 00:03:35]  [%emt 00:00:06]} 36... Qe7 {
[%clk 00:05:36]  [%emt 00:00:34]} 37. Rf1 {[%clk 00:03:20]  [%emt 00:00:07]}
37... Kg8 {[%clk 00:05:29]  [%emt 00:00:11]} 38. Kg2 {
[%clk 00:03:15]  [%emt 00:00:07]} 38... Qc7 {[%clk 00:05:26]  [%emt 00:00:08]}
39. h4 {[%clk 00:03:08]  [%emt 00:00:04]} 39... Na5 {
[%clk 00:05:22]  [%emt 00:00:05]} 40. Nd6 {[%clk 00:03:04]  [%emt 00:00:11]}
40... Qc6+ {[%clk 00:05:22]} 41. Kh2 {[%clk 00:03:03]} 41... Qc5 {
[%clk 00:05:12]  [%emt 00:00:22]} 42. Ne4 {[%clk 00:02:19]  [%emt 00:00:34]}
42... Qe5 {[%clk 00:05:04]  [%emt 00:00:27]} 43. Nd2 {
[%clk 00:01:29]  [%emt 00:00:35]} 43... Nc6 {[%clk 00:04:43]  [%emt 00:00:31]}
44. Nf3 {[%clk 00:01:27]} 44... Qb2+ {[%clk 00:04:33]  [%emt 00:00:09]} 45. Kh3
{[%clk 00:01:27]  [%emt 00:00:04]} 45... Qxa2 {[%clk 00:03:52]  [%emt 00:01:24]
} 46. Qe4 {[%clk 00:01:27]} 46... Nd8 {[%clk 00:03:37]} 47. Rd1 {
[%clk 00:01:28]} 47... Nf7 {[%clk 00:03:28]} 48. Qxe6 {[%clk 00:01:29]} 48...
Qf2 {[%clk 00:03:07]  [%emt 00:00:13]} 49. Rd8+ {
[%clk 00:01:24]  [%emt 00:00:17]} 49... Kh7 {[%clk 00:03:08]} 50. Qxf7 {
[%clk 00:01:23]} 50... Qf1+ {[%clk 00:03:03]  [%emt 00:00:07]} 51. Kg4 {
[%clk 00:01:23]} 51... Qxc4+ {[%clk 00:03:01]} 52. Qxc4 {
[%clk 00:01:21]  [%emt 00:00:08]} 1-0

[Event "XVII Open Internacional Villa de Ibi"]
[Site "Ibi, Spain"]
[Date "2019.09.08"]
[Round "6.4"]
[White "Bendayan Claros, Aaron"]
[Black "Plaskett, H James"]
[Result "0-1"]
[WhiteElo "2167"]
[BlackElo "2415"]
[PlyCount "67"]
[EventDate "2019.??.??"]

1. d4 {[%clk 00:15:01]  [%emt 00:00:03]} 1... Nf6 {[%clk 00:15:03]} 2. c4 {
[%clk 00:15:00]  [%emt 00:00:14]} 2... c5 {[%clk 00:15:02]} 3. d5 {
[%clk 00:14:59]  [%emt 00:00:06]} 3... e6 {[%clk 00:15:02]} 4. Nc3 {
[%clk 00:14:59]} 4... exd5 {[%clk 00:15:03]} 5. cxd5 {[%clk 00:14:58]} 5... d6
{[%clk 00:15:04]} 6. e4 {[%clk 00:14:56]  [%emt 00:00:03]} 6... g6 {
[%clk 00:15:05]} 7. Nge2 {[%clk 00:14:54]  [%emt 00:00:07]} 7... Bg7 {
[%clk 00:14:59]  [%emt 00:00:09]} 8. Ng3 {[%clk 00:14:53]  [%emt 00:00:04]}
8... h5 {[%clk 00:14:54]  [%emt 00:00:08]} 9. Be2 {
[%clk 00:14:00]  [%emt 00:00:47]} 9... a6 {[%clk 00:14:50]  [%emt 00:00:10]}
10. a4 {[%clk 00:13:59]  [%emt 00:00:04]} 10... Nbd7 {
[%clk 00:14:09]  [%emt 00:00:40]} 11. O-O {[%clk 00:13:43]  [%emt 00:00:26]}
11... Rb8 {[%clk 00:13:19]  [%emt 00:00:50]} 12. f3 {
[%clk 00:13:26]  [%emt 00:00:14]} 12... Qe7 {[%clk 00:12:22]  [%emt 00:00:56]}
13. Be3 {[%clk 00:11:43]  [%emt 00:01:44]} 13... h4 {
[%clk 00:09:49]  [%emt 00:02:36]} 14. Nh1 {[%clk 00:11:40]  [%emt 00:00:20]}
14... Ne5 {[%clk 00:09:42]  [%emt 00:00:24]} 15. Qd2 {
[%clk 00:10:23]  [%emt 00:00:47]} 15... Bd7 {[%clk 00:09:14]  [%emt 00:00:48]}
16. a5 {[%clk 00:08:02]  [%emt 00:02:06]} 16... Nh7 {
[%clk 00:08:24]  [%emt 00:00:53]} 17. h3 {[%clk 00:07:51]  [%emt 00:00:17]}
17... g5 {[%clk 00:08:18]  [%emt 00:00:07]} 18. Nf2 {
[%clk 00:05:17]  [%emt 00:02:32]} 18... O-O {[%clk 00:08:15]  [%emt 00:00:16]}
19. Rfb1 {[%clk 00:03:55]  [%emt 00:01:14]} 19... f5 {
[%clk 00:06:39]  [%emt 00:01:38]} 20. exf5 {[%clk 00:03:54]  [%emt 00:00:22]}
20... Bxf5 {[%clk 00:06:39]} 21. Nce4 {[%clk 00:03:49]  [%emt 00:00:04]} 21...
g4 {[%clk 00:06:24]  [%emt 00:00:05]} 22. hxg4 {
[%clk 00:02:33]  [%emt 00:01:19]} 22... Nxg4 {[%clk 00:05:55]  [%emt 00:00:48]}
23. Nxg4 {[%clk 00:01:49]  [%emt 00:00:24]} 23... Bxg4 {
[%clk 00:05:55]  [%emt 00:00:15]} 24. Ra4 {[%clk 00:01:30]  [%emt 00:00:16]}
24... Bd7 {[%clk 00:05:42]  [%emt 00:00:10]} 25. Ra3 {
[%clk 00:01:12]  [%emt 00:00:24]} 25... h3 {[%clk 00:05:35]  [%emt 00:00:08]}
26. g3 {[%clk 00:00:10]  [%emt 00:01:02]} 26... Bf5 {
[%clk 00:04:48]  [%emt 00:00:48]} 27. Bd3 {[%clk 00:00:04]  [%emt 00:00:22]}
27... Qe5 {[%clk 00:04:10]  [%emt 00:00:25]} 28. Kf2 {
[%clk 00:00:04]  [%emt 00:00:14]} 28... Qe7 {[%clk 00:04:09]} 29. Kg1 {
[%emt 00:00:14]} 29... Qe5 30. Bf4 Qxd5 31. Nxd6 {[%emt 00:00:10]} 31... Bd4+ {
[%emt 00:00:14]} 32. Kh2 {[%emt 00:00:05]} 32... Bxd3 {[%emt 00:00:08]} 33.
Rxd3 {[%emt 00:00:05]} 33... Rbd8 {[%emt 00:00:05]} 34. Ne4 0-1